000 00729nam a22002417a 4500
003 UA-OsUOA
001 126565
007 ta
008 20171027b un ||||| |||| 00| 0 ukr d
100 _aШаханов М.
090 _a821.161.1
_bШ31
942 _cBK
040 _aUA-OsUOA
_brus
_cUA-OsUOA
_dUA-OsUOA
245 _a"Космоформула карающей памяти" (Тайна, унесенная Чингисханом)
_bроман в поэмах
300 _a320 с.
955 _a3
041 _arus
080 _a821.161.1
020 _a5-7667-2475-6
260 _aАлматы
_bБілім
_c2001
650 7 _a82 Література. Літературознавство
_2UDC
999 _c413744
_d413744